<?xml version="1.0" encoding="UTF-8"?>
<record
    xmlns:xsi="http://www.w3.org/2001/XMLSchema-instance"
    xsi:schemaLocation="http://www.loc.gov/MARC21/slim http://www.loc.gov/standards/marcxml/schema/MARC21slim.xsd"
    xmlns="http://www.loc.gov/MARC21/slim">

  <leader>01491cam a2200397 a 4500</leader>
  <controlfield tag="001">j  65003026 </controlfield>
  <controlfield tag="003">DLC</controlfield>
  <controlfield tag="005">20260227111520.0</controlfield>
  <controlfield tag="008">900503m19491950ja            000 0 jpn  </controlfield>
  <datafield tag="010" ind1=" " ind2=" ">
    <subfield code="a">j  65003026 </subfield>
  </datafield>
  <datafield tag="035" ind1=" " ind2=" ">
    <subfield code="a">(CStRLIN)DCLP90-B9662</subfield>
  </datafield>
  <datafield tag="040" ind1=" " ind2=" ">
    <subfield code="a">DLC-R</subfield>
    <subfield code="c">DLC-R</subfield>
    <subfield code="d">DLC-R</subfield>
    <subfield code="d">DLC</subfield>
  </datafield>
  <datafield tag="041" ind1="1" ind2=" ">
    <subfield code="a">jpn</subfield>
    <subfield code="h">chi</subfield>
  </datafield>
  <datafield tag="043" ind1=" " ind2=" ">
    <subfield code="a">a-cc---</subfield>
  </datafield>
  <datafield tag="050" ind1="0" ind2="0">
    <subfield code="a">DS777.55</subfield>
    <subfield code="b">.C46559</subfield>
  </datafield>
  <datafield tag="066" ind1=" " ind2=" ">
    <subfield code="c">$1</subfield>
  </datafield>
  <datafield tag="245" ind1="0" ind2="0">
    <subfield code="6">880-01</subfield>
    <subfield code="a">Ch&#x16B;ky&#x14D; no taish&#x16B; katsud&#x14D;.</subfield>
  </datafield>
  <datafield tag="260" ind1=" " ind2=" ">
    <subfield code="6">880-02</subfield>
    <subfield code="a">[Tokyo] :</subfield>
    <subfield code="b">Ch&#x16B;goku Kenky&#x16B;jo,</subfield>
    <subfield code="c">[1949?-195-]</subfield>
  </datafield>
  <datafield tag="300" ind1=" " ind2=" ">
    <subfield code="a">2 v. ;</subfield>
    <subfield code="c">19 cm.</subfield>
  </datafield>
  <datafield tag="490" ind1="1" ind2=" ">
    <subfield code="6">880-03</subfield>
    <subfield code="a">Shonai kenky&#x16B; shiry&#x14D;</subfield>
  </datafield>
  <datafield tag="546" ind1=" " ind2=" ">
    <subfield code="a">Includes selected translations from Chinese.</subfield>
  </datafield>
  <datafield tag="500" ind1=" " ind2=" ">
    <subfield code="a">Cover title.</subfield>
  </datafield>
  <datafield tag="500" ind1=" " ind2=" ">
    <subfield code="a">Vol. 2 has title: T&#x14D;katsud&#x14D; to tenken : tsuketari, seif&#x16B; bunken "ch&#x14D;sa kenky&#x16B; ni kansuru ketsugi."</subfield>
  </datafield>
  <datafield tag="651" ind1=" " ind2="0">
    <subfield code="a">China</subfield>
    <subfield code="x">Politics and government</subfield>
    <subfield code="y">1949-1976.</subfield>
  </datafield>
  <datafield tag="610" ind1="2" ind2="0">
    <subfield code="6">880-04</subfield>
    <subfield code="a">Zhongguo gong chan dang.</subfield>
  </datafield>
  <datafield tag="710" ind1="2" ind2=" ">
    <subfield code="6">880-05</subfield>
    <subfield code="a">Ch&#x16B;goku Kenky&#x16B;jo (Tokyo, Japan)</subfield>
  </datafield>
  <datafield tag="740" ind1="0" ind2=" ">
    <subfield code="6">880-06</subfield>
    <subfield code="a">T&#x14D;katsud&#x14D; to tenken.</subfield>
  </datafield>
  <datafield tag="880" ind1="0" ind2="0">
    <subfield code="6">245-01/$1</subfield>
    <subfield code="a">&#x4E2D;&#x5171;&#x306E;&#x5927;&#x8846;&#x6D3B;&#x52D5;.</subfield>
  </datafield>
  <datafield tag="880" ind1=" " ind2=" ">
    <subfield code="6">260-02/$1</subfield>
    <subfield code="a">[Tokyo] :</subfield>
    <subfield code="b">&#x4E2D;&#x570B;&#x784F;&#x7A76;&#x6240;,</subfield>
    <subfield code="c">[1949?-195-]</subfield>
  </datafield>
  <datafield tag="880" ind1="1" ind2=" ">
    <subfield code="6">490-03/$1</subfield>
    <subfield code="a">&#x6240;&#x5167;&#x7814;&#x7A76;&#x8CC7;&#x6599;</subfield>
  </datafield>
  <datafield tag="880" ind1="2" ind2="4">
    <subfield code="6">610-04/$1</subfield>
    <subfield code="a">&#x4E2D;&#x570B;&#x5171;&#x7523;&#x9EE8;.</subfield>
  </datafield>
  <datafield tag="880" ind1="2" ind2=" ">
    <subfield code="6">710-05/$1</subfield>
    <subfield code="a">&#x4E2D;&#x570B;&#x784F;&#x7A76;&#x6240; (Tokyo, Japan)</subfield>
  </datafield>
  <datafield tag="880" ind1="0" ind2=" ">
    <subfield code="6">740-06/$1</subfield>
    <subfield code="a">&#x9EE8;&#x6D3B;&#x52D5;&#x3068;&#x9EDE;&#x6AA2;.</subfield>
  </datafield>
  <datafield tag="830" ind1=" " ind2="0">
    <subfield code="6">880-07</subfield>
    <subfield code="a">Shonai kenky&#x16B; shiry&#x14D; (Ch&#x16B;goku Kenky&#x16B;jo (Tokyo, Japan))</subfield>
  </datafield>
  <datafield tag="880" ind1=" " ind2="0">
    <subfield code="6">830-07/$1</subfield>
    <subfield code="a">&#x6240;&#x5167;&#x7814;&#x7A76;&#x8CC7;&#x6599; (Ch&#x16B;goku Kenky&#x16B;jo (Tokyo, Japan))</subfield>
  </datafield>
  <datafield tag="999" ind1=" " ind2=" ">
    <subfield code="c">35042</subfield>
    <subfield code="d">35042</subfield>
  </datafield>
</record>
